000 00311nam a2200133Ia 4500
008 100328s9999 xx 000 0 und d
082 _b57386
100 _aगवस राजन
245 _aतणकट
260 _bसाकेत
630 _aतणकट
730 _aतणकट
942 _cBOOK
999 _c543837
_d543834